书目信息 |
| 题名: |
中国常见植物野外识别手册
|
|
| 作者: | 马克平主编 , 刘冰 , 林秦文 , 李敏本册 主编 | |
| 分册: | 北京册 | |
| 出版信息: | 北京 商务印书馆 2018.04 |
|
| 页数: | 587页 | |
| 开本: | 20cm | |
| 丛书名: | ||
| 单 册: | ||
| 中图分类: | Q949-62 | |
| 科图分类: | ||
| 主题词: | 植物分类学 | |
| 电子资源: | ||
| ISBN: | 7-100-15980-6 | |
| 000 | 00835nam0 2200241 450 | |
| 001 | 1845188671 | |
| 005 | 20181219123524.75 | |
| 010 | @a7-100-15980-6@dCNY68.00 | |
| 100 | @a20181219d2018 km y0chiy0120 ea | |
| 101 | 0 | @achi |
| 102 | @aCN@b110000 | |
| 200 | 1 | @a中国常见植物野外识别手册@Azhong guo chang jian zhi wu ye wai shi bie shou ce@i北京册@f马克平主编,刘冰, 林秦文, 李敏本册主编@Fma ke ping zhu bian,liu bing,lin qin wen,li min ben ce zhu bian |
| 210 | @a北京@c商务印书馆@d2018.04 | |
| 215 | @a587页@d20cm | |
| 517 | 1 | @a北京册@Abei jing ce |
| 606 | 0 | @a植物分类学 |
| 690 | @aQ949-62@v4 | |
| 701 | 0 | @a马克平主编@Ama ke ping zhu bian@4主编 |
| 701 | 0 | @a刘冰@Aliu bing@4主编 |
| 701 | 0 | @a林秦文@Alin qin wen@4主编 |
| 701 | 0 | @a李敏本册@Ali min ben ce@4主编 |
| 801 | 0 | @aCN@bMUSE@c20181219 |
| 905 | @aMUSE@dQ949-62@eM0852 | |
| 中国常见植物野外识别手册.北京册/马克平主编,刘冰, 林秦文, 李敏本册主编.-北京:商务印书馆,2018.04 |
| 587页;20cm |
| ISBN 7-100-15980-6:CNY68.00 |
| ● |
| 相关链接 |
|
|
|
正题名:中国常见植物野外识别手册
索取号:Q949-62/M0852
 
预约/预借
| 序号 | 登录号 | 条形码 | 馆藏地/架位号 | 状态 | 备注 |
| 1 | 1301706 | 213017064 | 生命科学与工程学院资料室/ [索取号:Q949-62/M0852] | 在馆 |